Battle of Mustafar - dialogue transcript (ROTS) - Statistics

General Stats
  • This quiz has been taken 164 times
  • The average score is 221 of 294
Answer Stats
Hint Answer % Correct
a
98%
Anakin | Obi-Wan You
96%
you
96%
you.
96%
you,
96%
you!
96%
I
93%
no
93%
the
93%
The
93%
Anakin!
92%
Obi-Wan Anakin,
92%
Anakin...
92%
Anakin.
92%
to
92%
my
91%
My
91%
not
91%
me!
89%
me,
89%
me
89%
Sith
88%
Sith!
88%
Sith,
88%
were
88%
do
87%
do.
87%
have
86%
brother,
85%
Chosen
85%
destroy.
85%
destroy
85%
for
85%
One!
85%
hate
84%
in
84%
loved
84%
Obi-Wan Your
84%
your
84%
join
82%
them.
82%
will
82%
it
81%
it.
81%
It
81%
that
80%
that.
80%
against
79%
and
79%
hear
79%
her
79%
is
79%
kill
79%
try.
79%
try
79%
what
79%
with
79%
Dark
78%
Anakin | Obi-Wan Don't
78%
enemy!
78%
Anakin If
78%
Obi-Wan Let
78%
must.
78%
power
78%
power!
78%
was
78%
you're
78%
You're
78%
are
76%
bring
76%
democracy!
76%
go,
76%
Republic,
76%
Force,
75%
make
75%
Obi-Wan Only
75%
then
75%
balance
74%
brought
74%
deals
74%
done
74%
Empire!
74%
Empire?
74%
from
74%
Anakin | Obi-Wan From
74%
Jedi.
74%
Jedi
74%
new
74%
peace,
74%
said
73%
take
73%
who
73%
turned
72%
absolutes.
71%
allegiance
71%
justice,
71%
of
71%
Side
71%
Side.
71%
would
71%
ground.
69%
high
69%
over...
69%
over,
69%
security
69%
yourself.
69%
Darkness.
68%
Obi-Wan It's
68%
underestimate
68%
already
67%
freedom,
67%
leave
67%
Master.
66%
Obi-Wan.
66%
lost!
62%
this
62%
Anakin This
62%
evil.
61%
fear
61%
Palpatine
61%
as
60%
end
60%
lust
59%
Lord
58%
mind
58%
Chancellor
56%
see
56%
view!
55%
view,
55%
become
54%
lies
54%
point
54%
through
53%
anger
52%
Obi-Wan Well,
52%
failed
49%
thing
48%
very
48%
lecture
47%
swore
47%
should
46%
now...
44%
now
44%
match
42%
twist
42%
allowed
40%
until
39%
known
38%
plotting
38%
wish
24%
Obi-Wan I've
22%
never
19%
heard
18%
I'd
18%
before,
16%
thought
16%
but
15%
think.
15%
teach
14%
arrogance.
13%
otherwise.
13%
able
12%
compassion.
8%
flaw
8%
hesitate...
7%
No matching quizzes found
Score Distribution
Percent of People with Each Score
Percentile by Number Answered
Your Score History
You have not taken this quiz